| 000 | 00711nam a22002297a 4500 | ||
|---|---|---|---|
| 999 |
_c241 _d241 |
||
| 003 | AR-CdUCM | ||
| 008 | 190222b ||||| |||| 00| 0 spa d | ||
| 020 | _a8401490104 | ||
| 040 |
_aMUNICIPALIDAD PROVINCIAL DEL CUSCO _cBIBLIOTECA MUNICIPAL DEL CUSCO |
||
| 041 | _heng | ||
| 082 |
_26ed. _a828.9 / _bM12 |
||
| 100 |
_aMcCullough, Colleen _91050 |
||
| 245 | _aEl pájaro canta hasta morir / | ||
| 260 |
_aBarcelona : _bPlaza & Janés Editores, _c1986. |
||
| 300 |
_a607 páginas ; _c18 cm. |
||
| 650 |
_aNovelas australianas _91051 |
||
| 650 |
_aNovelas del siglo XX _91052 |
||
| 650 |
_aTraducciones al español _91053 |
||
| 700 |
_aFerrer Aleu, J (traductor) _91054 |
||
| 942 |
_2ddc _cLIBROS |
||
| 945 | _azta | ||